[Event "Titled Tuesday intern op 28th Apr"]
[Site "Chess.com INT"]
[Date "2020.04.28"]
[Round "3"]
[White "Nilsen, Tobias Lang"]
[Black "Suleymanov, Suleyman"]
[Result "1-0"]
[WhiteElo "2170"]
[BlackElo "1079"]
[PlyCount "41"]
[EventDate "2020.04.28"]
[EventType "swiss (blitz)"]
[EventRounds "10"]
[EventCountry "USA"]
[SourceTitle "EXT 2021"]
[Source "ChessBase"]
[SourceDate "2020.10.23"]
[SourceVersion "1"]
[SourceVersionDate "2020.10.23"]
[SourceQuality "1"]

1. e4 e6 2. d4 d5 3. Nd2 dxe4 4. Nxe4 Bd7 5. Nf3 Bc6 6. Bd3 Nd7 7. 0-0 Ngf6 8. Qe2 Be7 9. c3 0-0 10. Neg5 h6 11. Nh3 b6 12. Nf4 Bb7 13. Ne5 Nxe5 14. dxe5 Nd5 15. Qe4 f5 16. exf6 Rxf6 17. Qh7+ Kf7 18. Bg6+ Rxg6 19. Qxg6+ Kg8 20. Nxe6 Qd6 21. Qxg7# 1-0

[Event "Titled Tuesday intern op 28th Apr"]
[Site "Chess.com INT"]
[Date "2020.04.28"]
[Round "8"]
[White "Suleymanov, Suleyman"]
[Black "De Abreu, Roberto N"]
[Result "1/2-1/2"]
[WhiteElo "1079"]
[BlackElo "2184"]
[PlyCount "131"]
[EventDate "2020.04.28"]
[EventType "swiss (blitz)"]
[EventRounds "10"]
[EventCountry "USA"]
[SourceTitle "EXT 2021"]
[Source "ChessBase"]
[SourceDate "2020.10.23"]
[SourceVersion "1"]
[SourceVersionDate "2020.10.23"]
[SourceQuality "1"]

1. d4 Nf6 2. Nf3 c5 3. c3 g6 4. Bf4 Bg7 5. e3 d5 6. Be2 0-0 7. h3 Nc6 8. Nbd2 Re8 9. 0-0 Nd7 10. Bh2 e5 11. dxe5 Ndxe5 12. Nxe5 Nxe5 13. Nf3 Bf5 14. Nxe5 Bxe5 15. Bxe5 Rxe5 16. Bf3 Be4 17. Bxe4 dxe4 18. Qb3 Rd5 19. Rfd1 c4 20. Rxd5 Qxd5 21. Rd1 cxb3 22. Rxd5 bxa2 23. Ra5 Rd8 24. Rxa2 Rd1+ 25. Kh2 a6 26. Kg3 Rd2 27. c4 Rc2 28. Ra3 Rxb2 29. c5 Rc2 30. Rb3 Rxc5 31. Rxb7 Rc2 32. Re7 f5 33. Ra7 Ra2 34. f3 a5 35. fxe4 fxe4 36. Kf4 a4 37. Kxe4 Rxg2 38. Rxa4 Rg3 39. Kf4 Rxh3 40. Ra7 Rh4+ 41. Kg5 Re4 42. Kf6 Re8 43. Rg7+ Kh8 44. Ra7 Rf8+ 45. Kg5 Rf5+ 46. Kg4 Kg8 47. e4 Rf7 48. Ra8+ Kg7 49. e5 Re7 50. Kf4 Rb7 51. Ra6 h6 52. Kg3 h5 53. Rc6 Rb4 54. Rc7+ Kh6 55. e6 Kg5 56. e7 Rb8 57. Rc5+ Kf6 58. Rc6+ Kf7 59. Kh4 Re8 60. Kg5 Rxe7 61. Rf6+ Kg7 62. Rxg6+ Kh7 63. Rh6+ Kg7 64. Rxh5 Re5+ 65. Kg4 Rxh5 66. Kxh5 1/2-1/2

[Event "Titled Tuesday intern op 28th Apr"]
[Site "Chess.com INT"]
[Date "2020.04.28"]
[Round "2"]
[White "Suleymanov, Suleyman"]
[Black "Nadir, Samir"]
[Result "0-1"]
[WhiteElo "1079"]
[BlackElo "2152"]
[PlyCount "118"]
[EventDate "2020.04.28"]
[EventType "swiss (blitz)"]
[EventRounds "10"]
[EventCountry "USA"]
[SourceTitle "EXT 2021"]
[Source "ChessBase"]
[SourceDate "2020.10.23"]
[SourceVersion "1"]
[SourceVersionDate "2020.10.23"]
[SourceQuality "1"]

1. d4 d5 2. Nf3 Bf5 3. Bf4 e6 4. e3 Bd6 5. Bg3 Nf6 6. Bd3 c6 7. 0-0 0-0 8. Ne5 Qe7 9. Nd2 Nbd7 10. f4 Ne4 11. Qe2 f6 12. Nef3 Nxd2 13. Qxd2 Bxd3 14. cxd3 e5 15. dxe5 fxe5 16. Rae1 Rae8 17. d4 exf4 18. exf4 Qd8 19. Ne5 Nf6 20. Qd3 Ne4 21. Rxe4 dxe4 22. Qc4+ Kh8 23. Nf7+ Rxf7 24. Qxf7 e3 25. Re1 Bb4 26. Re2 Bd2 27. Bh4 Rf8 28. Bxd8 Rxf7 29. Bh4 Rxf4 30. Be1 Rxd4 31. Bxd2 Rxd2 32. Rxe3 h6 33. Rb3 b6 34. Ra3 a5 35. Rc3 Rxb2 36. Rxc6 b5 37. Rc5 a4 38. a3 Kh7 39. h3 Kg6 40. Kh2 Kf6 41. Rc7 Rb3 42. Rb7 g5 43. Rb6+ Kf5 44. g4+ Ke4 45. Rxh6 Rxa3 46. Rg6 Rb3 47. Rxg5 a3 48. Rg8 a2 49. Ra8 Rb2+ 50. Kg3 b4 51. h4 b3 52. h5 Rb1 53. Re8+ Kd5 54. Ra8 a1Q 55. Rxa1 Rxa1 56. h6 Rh1 57. g5 Ke6 58. g6 Rxh6 59. g7 Rg6+ 0-1

[Event "Titled Tuesday intern op 14th April"]
[Site "Chess.com INT"]
[Date "2020.04.14"]
[Round "9"]
[White "Suleymanov, Suleyman"]
[Black "Girya, Olga"]
[Result "0-1"]
[WhiteElo "1079"]
[BlackElo "2469"]
[PlyCount "120"]
[EventDate "2020.04.14"]
[EventType "swiss (blitz)"]
[EventRounds "10"]
[EventCountry "USA"]
[SourceTitle "EXT 2021"]
[Source "ChessBase"]
[SourceDate "2020.10.23"]
[SourceVersion "1"]
[SourceVersionDate "2020.10.23"]
[SourceQuality "1"]

1. Nf3 d5 2. d4 Nf6 3. Bf4 c5 4. e3 Nc6 5. c3 cxd4 6. exd4 Bg4 7. Bd3 e6 8. Nbd2 Bd6 9. Bg3 0-0 10. 0-0 Rb8 11. Qc2 h6 12. Ne5 Bxe5 13. dxe5 Nd7 14. Rfe1 Nc5 15. Bf1 Bf5 16. Qd1 Bd3 17. Nb3 Nxb3 18. axb3 Bxf1 19. Kxf1 a5 20. Qd3 Qb6 21. Qc2 Rbc8 22. Kg1 Nd4 23. Qd1 Nxb3 24. Ra3 Nc5 25. b3 Ne4 26. c4 Nxg3 27. hxg3 dxc4 28. bxc4 Rxc4 29. Qb1 Rb4 30. Qa1 Rb2 31. Rf1 Ra8 32. Ra2 Rxa2 33. Qxa2 Qc5 34. Rb1 b5 35. Qb3 Qxe5 36. Qxb5 Qxb5 37. Rxb5 a4 38. Rb1 a3 39. Ra1 a2 40. Kf1 f5 41. Ke2 Kf7 42. Kd2 Kf6 43. Kc2 Ke5 44. Kb2 Kf6 45. f4 g5 46. Kb3 Ra6 47. Kb2 gxf4 48. gxf4 Kg6 49. g3 Kh5 50. Rh1+ Kg4 51. Ka1 Kxg3 52. Rxh6 Kxf4 53. Rh1 e5 54. Rf1+ Kg5 55. Rg1+ Kf6 56. Rh1 Ra5 57. Rh6+ Kg5 58. Rh1 f4 59. Rg1+ Kf5 60. Rh1 f3 0-1

[Event "Titled Tuesday intern op 14th April"]
[Site "Chess.com INT"]
[Date "2020.04.14"]
[Round "7"]
[White "Suleymanov, Suleyman"]
[Black "Rosen, Eric S"]
[Result "1-0"]
[WhiteElo "1079"]
[BlackElo "2353"]
[PlyCount "101"]
[EventDate "2020.04.14"]
[EventType "swiss (blitz)"]
[EventRounds "10"]
[EventCountry "USA"]
[SourceTitle "EXT 2021"]
[Source "ChessBase"]
[SourceDate "2020.10.23"]
[SourceVersion "1"]
[SourceVersionDate "2020.10.23"]
[SourceQuality "1"]

1. d4 d5 2. Nf3 Nf6 3. Bf4 c5 4. e3 Nc6 5. h3 Qb6 6. Nc3 a6 7. Na4 Qa5+ 8. c3 cxd4 9. exd4 e6 10. Bd3 Be7 11. 0-0 0-0 12. b4 Qd8 13. Nc5 b6 14. Nb3 Bb7 15. a4 Bd6 16. Ne5 Qc7 17. Re1 Rfc8 18. Bh2 Bxe5 19. dxe5 Nd7 20. Qh5 Nf8 21. Rac1 Ne7 22. Nd4 Qd7 23. Qd1 Rc7 24. a5 bxa5 25. bxa5 Rac8 26. Qd2 Rc5 27. Nb3 R5c7 28. Qe2 d4 29. Nxd4 Rxc3 30. Rxc3 Rxc3 31. Qd2 Rc8 32. Bf4 Rd8 33. Be3 Nd5 34. Rd1 Ng6 35. Bxg6 hxg6 36. Nb3 Qb5 37. Nc5 Bc6 38. Kh2 Rb8 39. Qd3 Nxe3 40. Qxe3 Qxa5 41. Rd6 Qc7 42. Nxa6 Qb7 43. Nxb8 Bxg2 44. Rd8+ Kh7 45. Nd7 g5 46. Nf8+ Kh6 47. Rd7 Qd5 48. Rxd5 Bxd5 49. h4 f6 50. hxg5+ fxg5 51. Qh3# 1-0